MARC

LEADER 00000nam0a2200000 4500
001 308428
005 20231102002107.0
020 |a RU  |b 81-66855 
035 |a (RuTPU)RU\TPU\book\333748 
090 |a 308428 
100 |a 20151102d1981 k y0rusy5003 ca 
101 0 |a rus 
102 |a RU 
105 |a y z 001zy 
200 1 |a Метод дополнительности: проблема содержания и сферы действия  |f А. Р. Познер 
210 |a Москва  |c Изд-во МГУ  |d 1981 
215 |a 200 с. 
225 1 |a Диалектический материализм 
320 |a Библиогр.: с. 192-199 
606 1 |a Дополнительности принцип  |x Философия  |2 stltpush  |3 (RuTPU)RU\TPU\subj\39089  |9 59304 
610 1 |a наука 
610 1 |a методология 
610 1 |a содержание 
610 1 |a методы 
610 1 |a научное исследование 
610 1 |a генезис 
610 1 |a научное знание 
610 1 |a трудности 
610 1 |a адекватность 
610 1 |a познание 
686 |a Ю251.5  |v LBC/SL-A  |2 rubbk 
700 1 |a Познер  |b А. Р.  |g Андрей Романович  |4 070 
801 0 |a RU  |b RuMRKP  |c 19950704  |g psbo 
801 1 |a RU  |b 63413507  |c 20151102 
801 2 |a RU  |b 63413507  |c 20171016  |g RCR 
942 |c BK